Introduccin̤ a la probt̀ica

Detalles Bibliográficos
Autor principal: Muǫz Sabat,̌ Luis
Formato: Desconocido
Lenguaje:español
Publicado: Barcelona : BOSCH EDITOR, 2007
Materias:
Acceso en línea:Acceso restringido

MARC

LEADER 00000ny a22000003n 4500
005 20110623171053.0
006 m u
007 cr cn|||||||||
008 200805r20072008sp |||||s|||||||||||spa d
020 |a 9788476987889 
035 |a 2043 
040 |a FlNmELB  |c FlNmELB  |d vLex 
050 1 4 |a KKT1771  |b M971 2007eb 
080 |a 343.13(460) 
090 |c 1188  |d 1188 
100 1 |a Muǫz Sabat,̌ Luis 
245 1 0 |a Introduccin̤ a la probt̀ica  |h [Recurso electrn̤ico]  |c Llus̕ Muǫz Sabať 
256 |a Servicio en ln̕ea 
260 |a Barcelona :  |b BOSCH EDITOR,  |c 2007 
300 |a 9-151 p 
506 1 |a Contenido solo disponible en los productos indicados  |d vLex Global  |d vLex Global (Academic Edition, excluding Law Schools)  |d vLex Global (U.S. Academic Edition, Law Schools)  |d vLex Global (U.S. Academic Edition, excluding Law Schools)  |d vLex Global (Academic Edition, Law Schools) 
650 0 7 |a Prueba  |2 Tesauro vLex 
650 0 7 |2 Tesauro vLex  |a Convincente 
740 0 |a vLex Libros (Servicios en ln̕ea) 
856 4 0 |z Acceso restringido  |u http://vlex.com/source/introduccion-probatica-2043 
942 |c BOOK